000
00318nam a22001457a 4500
020
_a
978-17-6015-12-7
082
_a
523
_b
BLA/B
100
_a
BLABEY, ARON
245
_a
THE BAD GUYS
260
_a
AUSTRALIA
_b
SCHOLASTIC INC
_c
2015
300
_a
140
520
_a
ENGLISH STORY
650
_a
ENGLISH STORY
942
_c
BK
999
_c
5709
_d
5709